Państwa członkowskie OBWE - Statystyki

Ogólne statystyki
  • Ten quiz został rozwiązany 35 razy
  • Średni wynik to 42 z 57
Statystyki odpowiedzi
Państwo % Poprawnych
Polska
100%
Niemcy
96%
Belgia
92%
Czechy
92%
Dania
92%
Hiszpania
92%
Litwa
92%
Estonia
88%
Francja
88%
Holandia
88%
Łotwa
88%
Szwecja
88%
Ukraina
88%
Wielka Brytania
88%
Białoruś
84%
Bułgaria
84%
Finlandia
84%
Grecja
84%
Rosja
84%
Rumunia
84%
Słowacja
84%
Włochy
84%
Austria
80%
Chorwacja
80%
Irlandia
80%
Liechtenstein
80%
Norwegia
80%
Portugalia
80%
Szwajcaria
80%
Andora
76%
Islandia
76%
Luksemburg
76%
Słowenia
76%
Stany Zjednoczone
76%
Albania
72%
Bośnia i Hercegowina
72%
Kanada
72%
Turcja
72%
Watykan
72%
Serbia
68%
Węgry
68%
Gruzja
64%
Mołdawia
64%
Armenia
60%
Azerbejdżan
60%
Czarnogóra
60%
Macedonia Północna
60%
San Marino
60%
Monako
56%
Cypr
52%
Malta
52%
Kazachstan
48%
Kirgistan
40%
Turkmenistan
40%
Mongolia
36%
Tadżykistan
36%
Uzbekistan
36%
Nie znaleziono quizów pasujących do podanych kryteriów
Rozkład punktacji
Procent ludzi z każdym wynikiem
Percentyl według liczby udzielonych odpowiedzi
Twoja historia wyników
Nie rozwiązałeś tego quizu